| 000 | 01496cam a22004094i 4500 | ||
|---|---|---|---|
| 003 | PE-LiUPU | ||
| 005 | 20250731183407.0 | ||
| 008 | 171122s2003 xxka rb 001 0 eng d | ||
| 020 | _a9781856693400 | ||
| 035 | _a(Sirsi) a240172 | ||
| 040 |
_aPE-LiUPU _bspa _cPE-LiUPU _erda |
||
| 049 | _aPRUA | ||
| 082 | 0 | 4 |
_a724.6 _bA38 _220 |
| 100 | 1 |
_aAldersey-Williams, Hugh, _eautor. |
|
| 245 | 1 | 0 |
_aZoomorphic : _bNew Animal Architecture / _cHugh Aldersey-Williams. |
| 264 | 1 |
_aLondon : _bLaurence King, _c2003. |
|
| 300 |
_a176 páginas : _bilustraciones ; _c23 centímetros |
||
| 336 |
_atext _2rdacontent |
||
| 337 |
_aunmediated _2rdamedia |
||
| 338 |
_avolume _2rdacarrier |
||
| 504 | _aBibliografía : página 172. | ||
| 504 | _aIndex : páginas 174-176. | ||
| 505 | 0 | _aAnimal as symbol -- Animal by function - statics -- Animal by function - dynamics -- Animal by accident. | |
| 526 | _aP158 | ||
| 526 | _aP146 | ||
| 526 | _aP17 | ||
| 526 | _aP12 | ||
| 526 | _aP06 | ||
| 526 | 8 |
_iPrograma académico : _5PE-LiUPU |
|
| 541 | _g003-1756; | ||
| 650 | 0 | 4 | _aArquitectura orgánica. |
| 650 | 0 | 4 | _aOrganic architecture. |
| 910 |
_adbm _bksl _cksl _d20171122 |
||
| 596 | _a1 | ||
| 942 |
_2ddc _cBOOK |
||
| 999 |
_a724.6 A38 _wLC _c25834 _i77079 _d25834 _f2021-11-9 _g4 _lCCODEBUL1 _mBUL _p35.94 _q1 _r0 _sY _tBOOK _u2017-11-22 _xINGENIERIA _PP06 _0COMPRA _o.STAFF. Colección Ingeniería y Arquitectura |
||
| 980 |
_81 _gALBERTO SANCHEZ Responsable de Automatización |
||